[Event "DVM U14 2023"]
[Site "Magdeburg GER"]
[Date "2023.12.27"]
[Round "2"]
[White "Neuber, Felix"]
[Black "Wettstein, Levin"]
[Result "0-1"]
[Termination "normal"]
[Board "7.3"]
[WhiteElo "1417"]
[BlackElo "1310"]
[WhiteClock "00:28:18"]
[BlackClock "00:42:10"]
[WhiteTeam "USV Halle"]
[BlackTeam "SC Untergrombach 46"]
[PlyCount "86"]
[WhiteFideId "34617981"]
[BlackFideId "34635866"]
[EventCountry "GER"]
[EventRounds "7"]
[EventType "team-swiss"]
[EventDate "2023.12.26"]

1. e4 {[%clk 01:30:52]} {[%emt 00:00:07]} e5 {[%clk 01:30:55]} {[%emt
00:00:05]} 2. Nf3 {[%clk 01:31:18]} {[%emt 00:00:05]} Nc6 {[%clk 01:31:16]}
{[%emt 00:00:08]} 3. Bc4 {[%clk 01:31:43]} {[%emt 00:00:05]} Bc5 {[%clk
01:31:38]} {[%emt 00:00:07]} 4. c3 {[%clk 01:32:08]} {[%emt 00:00:06]} Nf6
{[%clk 01:31:55]} {[%emt 00:00:13]} 5. d4 {[%clk 01:32:30]} {[%emt 00:00:08]}
exd4 {[%clk 01:32:06]} {[%emt 00:00:18]} 6. O-O {[%clk 01:32:52]} {[%emt
00:00:09]} d5 {[%clk 01:28:37]} {[%emt 00:03:59]} 7. cxd4 {[%clk 01:29:58]}
{[%emt 00:03:24]} Bb6 {[%clk 01:23:50]} {[%emt 00:05:16]} 8. e5 {[%clk
01:16:22]} {[%emt 00:14:07]} Ne4 {[%clk 01:17:51]} {[%emt 00:06:28]} 9. Bb5
{[%clk 01:14:15]} {[%emt 00:02:38]} Bg4 {[%clk 01:16:33]} {[%emt 00:01:49]} 10.
Be3 {[%clk 01:12:16]} {[%emt 00:02:29]} O-O {[%clk 01:14:00]} {[%emt 00:03:02]}
11. Bxc6 {[%clk 01:11:01]} {[%emt 00:01:46]} bxc6 {[%clk 01:14:21]} {[%emt
00:00:08]} 12. h3 {[%clk 01:10:24]} {[%emt 00:01:07]} Bh5 {[%clk 01:13:14]}
{[%emt 00:01:36]} 13. Nc3 {[%clk 01:10:27]} {[%emt 00:00:28]} h6 {[%clk
01:12:25]} {[%emt 00:01:19]} 14. Qe2 {[%clk 01:08:03]} {[%emt 00:02:55]} Qd7
{[%clk 01:06:42]} {[%emt 00:06:11]} 15. Rfd1 {[%clk 01:05:57]} {[%emt
00:02:38]} Ba5 {[%clk 01:00:40]} {[%emt 00:06:30]} 16. Bd2 {[%clk 01:03:40]}
{[%emt 00:02:48]} Bxc3 {[%clk 00:59:03]} {[%emt 00:02:06]} 17. Bxc3 {[%clk
01:03:34]} {[%emt 00:00:37]} Ng5 {[%clk 00:58:59]} {[%emt 00:00:33]} 18. Bd2
{[%clk 00:49:13]} {[%emt 00:14:52]} Nxf3+ {[%clk 00:58:29]} {[%emt 00:01:00]}
19. gxf3 {[%clk 00:46:29]} {[%emt 00:03:14]} Qxh3 {[%clk 00:58:12]} {[%emt
00:00:47]} 20. Qf1 {[%clk 00:44:42]} {[%emt 00:02:17]} Qxf3 {[%clk 00:56:02]}
{[%emt 00:02:40]} 21. Rdc1 {[%clk 00:44:17]} {[%emt 00:00:55]} Qg4+ {[%clk
00:54:29]} {[%emt 00:02:02]} 22. Qg2 {[%clk 00:44:32]} {[%emt 00:00:16]} Qxd4
{[%clk 00:53:42]} {[%emt 00:01:17]} 23. Bxh6 {[%clk 00:42:34]} {[%emt
00:02:29]} Qg4 {[%clk 00:52:41]} {[%emt 00:01:28]} 24. Qxg4 {[%clk 00:41:00]}
{[%emt 00:02:06]} Bxg4 {[%clk 00:53:01]} {[%emt 00:00:10]} 25. Be3 {[%clk
00:41:23]} {[%emt 00:00:07]} Bd7 {[%clk 00:52:40]} {[%emt 00:00:50]} 26. f3
{[%clk 00:40:01]} {[%emt 00:01:53]} Rfe8 {[%clk 00:52:05]} {[%emt 00:01:04]}
27. f4 {[%clk 00:40:21]} {[%emt 00:00:11]} f6 {[%clk 00:49:18]} {[%emt
00:03:16]} 28. Bd4 {[%clk 00:40:34]} {[%emt 00:00:18]} Kf7 {[%clk 00:48:12]}
{[%emt 00:01:33]} 29. Kf2 {[%clk 00:40:40]} {[%emt 00:00:27]} Rh8 {[%clk
00:47:05]} {[%emt 00:01:34]} 30. Rg1 {[%clk 00:37:46]} {[%emt 00:03:26]} Rh2+
{[%clk 00:46:41]} {[%emt 00:00:53]} 31. Kf3 {[%clk 00:37:13]} {[%emt 00:01:03]}
Rh3+ {[%clk 00:46:01]} {[%emt 00:01:10]} 32. Ke2 {[%clk 00:36:11]} {[%emt
00:01:35]} a6 {[%clk 00:44:45]} {[%emt 00:01:44]} 33. Raf1 {[%clk 00:35:04]}
{[%emt 00:01:37]} c5 {[%clk 00:43:56]} {[%emt 00:01:19]} 34. Bxc5 {[%clk
00:33:52]} {[%emt 00:01:43]} Bb5+ {[%clk 00:44:19]} {[%emt 00:00:07]} 35. Kd1
{[%clk 00:32:27]} {[%emt 00:01:55]} Bxf1 {[%clk 00:43:50]} {[%emt 00:00:59]}
36. Rxf1 {[%clk 00:32:52]} {[%emt 00:00:05]} Rb8 {[%clk 00:43:21]} {[%emt
00:00:57]} 37. Kc1 {[%clk 00:29:18]} {[%emt 00:04:06]} Rh2 {[%clk 00:42:17]}
{[%emt 00:01:33]} 38. e6+ {[%clk 00:28:27]} {[%emt 00:01:22]} Kxe6 {[%clk
00:42:13]} {[%emt 00:00:35]} 39. f5+ {[%clk 00:28:21]} {[%emt 00:00:35]} Kd7
{[%clk 00:42:05]} {[%emt 00:00:38]} 40. Re1 {[%clk 00:28:30]} {[%emt 00:00:20]}
Rbxb2 {[%clk 00:42:06]} {[%emt 00:00:29]} 41. Re7+ {[%clk 00:28:27]} {[%emt
00:00:35]} Kc6 {[%clk 00:42:27]} {[%emt 00:00:08]} 42. Rxg7 {[%clk 00:28:12]}
{[%emt 00:00:46]} Kxc5 {[%clk 00:42:10]} {[%emt 00:00:47]} 43. Rxc7+ {[%clk
00:28:18]} {[%emt 00:00:24]} Kd6 {[%emt 00:00:54]} 0-1

[Event "DVM U14 2023"]
[Site "Magdeburg GER"]
[Date "2023.12.27"]
[Round "2"]
[White "Meng, Yuxuan"]
[Black "Li, Hewei"]
[Result "1/2-1/2"]
[Termination "normal"]
[Board "8.1"]
[WhiteElo "1749"]
[BlackElo "1838"]
[WhiteClock "00:01:43"]
[BlackClock "00:03:02"]
[WhiteTeam "SC Viernheim 1934"]
[BlackTeam "Düsseldorfer SK 14/25"]
[PlyCount "64"]
[WhiteFideId "16258231"]
[BlackFideId "34619763"]
[EventCountry "GER"]
[EventRounds "7"]
[EventType "team-swiss"]
[EventDate "2023.12.26"]

1. e4 {[%clk 01:30:58]} {[%emt 00:00:02]} c5 {[%clk 01:30:59]} {[%emt
00:00:01]} 2. Nf3 {[%clk 01:31:20]} {[%emt 00:00:08]} d6 {[%clk 01:31:27]}
{[%emt 00:00:02]} 3. d4 {[%clk 01:31:45]} {[%emt 00:00:04]} cxd4 {[%clk
01:31:52]} {[%emt 00:00:05]} 4. Nxd4 {[%clk 01:32:11]} {[%emt 00:00:04]} Nf6
{[%clk 01:32:12]} {[%emt 00:00:10]} 5. Nc3 {[%clk 01:32:35]} {[%emt 00:00:06]}
g6 {[%clk 01:32:39]} {[%emt 00:00:03]} 6. Be3 {[%clk 01:32:49]} {[%emt
00:00:16]} Bg7 {[%clk 01:33:07]} {[%emt 00:00:02]} 7. f3 {[%clk 01:33:12]}
{[%emt 00:00:07]} O-O {[%clk 01:33:31]} {[%emt 00:00:06]} 8. Qd2 {[%clk
01:33:37]} {[%emt 00:00:05]} Nc6 {[%clk 01:33:56]} {[%emt 00:00:05]} 9. O-O-O
{[%clk 01:34:00]} {[%emt 00:00:08]} d5 {[%clk 01:34:18]} {[%emt 00:00:07]} 10.
Kb1 {[%clk 01:20:56]} {[%emt 00:13:33]} Nxd4 {[%clk 01:34:46]} {[%emt
00:00:03]} 11. Bxd4 {[%clk 01:21:07]} {[%emt 00:00:20]} dxe4 {[%clk 01:35:14]}
{[%emt 00:00:02]} 12. fxe4 {[%clk 01:17:40]} {[%emt 00:03:56]} Be6 {[%clk
01:35:42]} {[%emt 00:00:02]} 13. Be2 {[%clk 01:15:23]} {[%emt 00:02:47]} Qb8
{[%clk 01:22:18]} {[%emt 00:13:54]} 14. h3 {[%clk 01:09:17]} {[%emt 00:06:37]}
Rd8 {[%clk 01:17:06]} {[%emt 00:05:41]} 15. Qe3 {[%clk 01:07:18]} {[%emt
00:02:29]} Qc7 {[%clk 01:00:16]} {[%emt 00:17:19]} 16. g4 {[%clk 01:01:09]}
{[%emt 00:06:41]} h6 {[%clk 00:52:21]} {[%emt 00:08:25]} 17. Rhg1 {[%clk
00:51:50]} {[%emt 00:09:48]} Qa5 {[%clk 00:41:36]} {[%emt 00:11:15]} 18. h4
{[%emt 00:14:15]} Rac8 {[%clk 00:38:08]} 19. a3 {[%clk 00:37:05]} {[%emt
00:05:27]} b5 {[%emt 00:12:09]} 20. g5 {[%clk 00:18:40]} {[%emt 00:18:52]} Rxd4
{[%clk 00:11:21]} {[%emt 00:15:41]} 21. Rxd4 {[%clk 00:14:03]} {[%emt
00:05:07]} hxg5 {[%clk 00:09:50]} {[%emt 00:02:01]} 22. hxg5 {[%clk 00:13:57]}
{[%emt 00:00:36]} Nd7 {[%clk 00:09:30]} {[%emt 00:00:49]} 23. Rb4 {[%clk
00:13:19]} {[%emt 00:01:06]} Rxc3 {[%clk 00:07:48]} {[%emt 00:02:14]} 24. bxc3
{[%clk 00:05:24]} {[%emt 00:08:25]} Qxa3 {[%clk 00:07:37]} {[%emt 00:00:40]}
25. Rb3 {[%clk 00:04:18]} {[%emt 00:01:36]} Bxb3 {[%emt 00:00:03]} 26. cxb3
{[%clk 00:04:30]} {[%emt 00:00:16]} Qxb3+ {[%clk 00:08:33]} {[%emt 00:00:02]}
27. Kc1 {[%clk 00:04:53]} {[%emt 00:00:07]} Bxc3 {[%clk 00:07:58]} {[%emt
00:01:05]} 28. Rg3 {[%clk 00:02:51]} {[%emt 00:02:33]} Bb2+ {[%clk 00:06:42]}
{[%emt 00:01:46]} 29. Kd2 {[%clk 00:02:02]} {[%emt 00:01:19]} Qb4+ {[%clk
00:05:51]} {[%emt 00:01:21]} 30. Kc2 {[%clk 00:01:56]} {[%emt 00:00:36]} Be5
{[%clk 00:05:18]} {[%emt 00:01:03]} 31. Rh3 {[%clk 00:01:28]} {[%emt 00:00:59]}
Qb2+ {[%clk 00:04:17]} {[%emt 00:01:30]} 32. Kd1 {[%clk 00:01:43]} {[%emt
00:00:14]} Qa1+ {[%clk 00:03:02]} {[%emt 00:01:45]} 1/2-1/2

[Event "DVM U14 2023"]
[Site "Magdeburg GER"]
[Date "2023.12.27"]
[Round "2"]
[White "Vartanian, Roman"]
[Black "Kalinski, Jan"]
[Result "1-0"]
[Termination "normal"]
[Board "8.2"]
[WhiteElo "1705"]
[BlackElo "1507"]
[WhiteClock "00:59:25"]
[BlackClock "00:53:38"]
[WhiteTeam "Düsseldorfer SK 14/25"]
[BlackTeam "SC Viernheim 1934"]
[PlyCount "91"]
[WhiteFideId "34140107"]
[BlackFideId "34660615"]
[EventCountry "GER"]
[EventRounds "7"]
[EventType "team-swiss"]
[EventDate "2023.12.26"]

1. Nf3 {[%clk 01:30:57]} {[%emt 00:00:02]} d5 {[%clk 01:30:31]} {[%emt
00:00:29]} 2. d4 {[%clk 01:31:22]} {[%emt 00:00:05]} Bf5 {[%clk 01:30:49]}
{[%emt 00:00:12]} 3. c4 {[%clk 01:31:48]} {[%emt 00:00:04]} c6 {[%clk
01:30:09]} {[%emt 00:01:10]} 4. Nc3 {[%clk 01:32:11]} {[%emt 00:00:07]} Nf6
{[%clk 01:30:03]} {[%emt 00:00:36]} 5. e3 {[%clk 01:31:57]} {[%emt 00:00:45]}
e6 {[%clk 01:30:07]} {[%emt 00:00:26]} 6. Be2 {[%clk 01:31:37]} {[%emt
00:00:50]} Be7 {[%clk 01:30:13]} {[%emt 00:00:23]} 7. Nh4 {[%clk 01:30:14]}
{[%emt 00:01:52]} Bg6 {[%clk 01:30:25]} {[%emt 00:00:18]} 8. O-O {[%clk
01:30:21]} {[%emt 00:00:24]} O-O {[%clk 01:30:39]} {[%emt 00:00:15]} 9. Nxg6
{[%clk 01:30:42]} {[%emt 00:00:09]} hxg6 {[%clk 01:30:59]} {[%emt 00:00:10]}
10. Rb1 {[%clk 01:30:50]} {[%emt 00:00:23]} Nbd7 {[%clk 01:30:46]} {[%emt
00:00:43]} 11. b4 {[%clk 01:30:14]} {[%emt 00:01:06]} dxc4 {[%clk 01:23:14]}
{[%emt 00:08:02]} 12. Bxc4 {[%clk 01:30:15]} {[%emt 00:00:30]} Nb6 {[%clk
01:23:36]} {[%emt 00:00:08]} 13. Bd3 {[%clk 01:30:00]} {[%emt 00:00:45]} Nfd5
{[%clk 01:23:09]} {[%emt 00:00:56]} 14. Nxd5 {[%clk 01:29:34]} {[%emt
00:00:56]} Nxd5 {[%clk 01:23:28]} {[%emt 00:00:11]} 15. Bd2 {[%clk 01:29:25]}
{[%emt 00:00:39]} Qc7 {[%clk 01:22:59]} {[%emt 00:00:59]} 16. Qb3 {[%clk
01:29:02]} {[%emt 00:00:53]} Bd6 {[%clk 01:21:46]} {[%emt 00:01:43]} 17. g3
{[%clk 01:28:44]} {[%emt 00:00:48]} Rab8 {[%clk 01:21:52]} {[%emt 00:00:23]}
18. Rfc1 {[%clk 01:28:34]} {[%emt 00:00:40]} Rfc8 {[%clk 01:22:04]} {[%emt
00:00:17]} 19. a4 {[%clk 01:28:07]} {[%emt 00:00:58]} a6 {[%clk 01:21:25]}
{[%emt 00:01:09]} 20. a5 {[%clk 01:20:55]} {[%emt 00:07:42]} Qd7 {[%clk
01:19:39]} {[%emt 00:02:16]} 21. e4 {[%clk 01:20:38]} {[%emt 00:00:46]} Nc7
{[%clk 01:19:57]} {[%emt 00:00:12]} 22. Be3 {[%clk 01:20:04]} {[%emt 00:01:04]}
Be7 {[%clk 01:19:31]} {[%emt 00:00:57]} 23. Rd1 {[%clk 01:19:25]} {[%emt
00:01:08]} Rd8 {[%clk 01:18:30]} {[%emt 00:01:32]} 24. Rbc1 {[%clk 01:18:56]}
{[%emt 00:00:59]} Nb5 {[%clk 01:16:09]} {[%emt 00:02:51]} 25. Bxb5 {[%clk
01:18:57]} {[%emt 00:00:30]} axb5 {[%clk 01:15:07]} {[%emt 00:01:32]} 26. Kg2
{[%clk 01:15:34]} {[%emt 00:03:53]} Rbc8 {[%clk 01:12:08]} {[%emt 00:03:29]}
27. Rd2 {[%clk 01:13:37]} {[%emt 00:02:27]} Qd6 {[%clk 01:11:48]} {[%emt
00:00:47]} 28. Rb1 {[%clk 01:12:36]} {[%emt 00:01:35]} Kf8 {[%clk 01:09:59]}
{[%emt 00:02:19]} 29. Bf4 {[%clk 01:12:46]} {[%emt 00:00:21]} Qd7 {[%clk
01:10:11]} {[%emt 00:00:18]} 30. Rbd1 {[%clk 01:13:05]} {[%emt 00:00:11]} Bd6
{[%clk 01:09:44]} {[%emt 00:00:58]} 31. Bxd6+ {[%clk 01:13:02]} {[%emt
00:00:33]} Qxd6 {[%clk 01:10:06]} {[%emt 00:00:08]} 32. Qc3 {[%clk 01:11:32]}
{[%emt 00:02:00]} Qe7 {[%clk 01:09:45]} {[%emt 00:00:51]} 33. Rc1 {[%clk
01:10:05]} {[%emt 00:01:57]} Qd7 {[%clk 01:09:20]} {[%emt 00:00:55]} 34. Qc5+
{[%clk 01:09:46]} {[%emt 00:00:48]} Ke8 {[%clk 01:06:24]} {[%emt 00:03:26]} 35.
Qe5 {[%clk 01:04:50]} {[%emt 00:05:19]} Kf8 {[%clk 01:05:23]} {[%emt 00:01:37]}
36. Qc5+ {[%clk 01:02:48]} {[%emt 00:02:32]} Ke8 {[%clk 01:05:19]} {[%emt
00:00:34]} 37. Kf3 {[%clk 01:02:31]} {[%emt 00:00:44]} f6 {[%clk 01:04:51]}
{[%emt 00:01:01]} 38. Rcd1 {[%clk 01:01:46]} {[%emt 00:01:14]} Kf7 {[%clk
01:00:27]} {[%emt 00:04:55]} 39. Ke3 {[%clk 01:01:50]} {[%emt 00:00:25]} f5
{[%clk 01:00:33]} {[%emt 00:00:25]} 40. f3 {[%clk 01:01:09]} {[%emt 00:01:10]}
Qe8 {[%clk 00:58:47]} {[%emt 00:02:16]} 41. Qe5 {[%clk 01:00:19]} {[%emt
00:01:19]} Qe7 {[%clk 00:58:22]} {[%emt 00:00:56]} 42. d5 {[%clk 00:58:23]}
{[%emt 00:02:26]} cxd5 {[%clk 00:53:30]} {[%emt 00:05:22]} 43. exd5 {[%clk
00:58:22]} {[%emt 00:00:31]} Qd7 {[%clk 00:52:54]} {[%emt 00:01:06]} 44. dxe6+
{[%clk 00:58:34]} {[%emt 00:00:18]} Qxe6 {[%clk 00:53:12]} {[%emt 00:00:12]}
45. Qxe6+ {[%clk 00:58:59]} {[%emt 00:00:06]} Kxe6 {[%clk 00:53:38]} {[%emt
00:00:05]} 46. Rxd8 {[%clk 00:59:25]} {[%emt 00:00:04]} 1-0

[Event "DVM U14 2023"]
[Site "Magdeburg GER"]
[Date "2023.12.27"]
[Round "2"]
[White "Zhu, Timo Kaiheng"]
[Black "Krstovic, Marko"]
[Result "1-0"]
[Termination "normal"]
[Board "8.3"]
[WhiteElo "1463"]
[BlackElo "1455"]
[WhiteClock "00:59:54"]
[BlackClock "01:09:23"]
[WhiteTeam "SC Viernheim 1934"]
[BlackTeam "Düsseldorfer SK 14/25"]
[PlyCount "151"]
[WhiteFideId "34655670"]
[BlackFideId "16278003"]
[EventCountry "GER"]
[EventRounds "7"]
[EventType "team-swiss"]
[EventDate "2023.12.26"]

1. e4 {[%clk 01:30:56]} {[%emt 00:00:02]} c5 {[%clk 01:30:57]} {[%emt
00:00:04]} 2. Nf3 {[%clk 01:31:19]} {[%emt 00:00:08]} e6 {[%clk 01:31:23]}
{[%emt 00:00:04]} 3. d4 {[%clk 01:31:25]} {[%emt 00:00:22]} cxd4 {[%clk
01:31:49]} {[%emt 00:00:05]} 4. Nxd4 {[%clk 01:31:32]} {[%emt 00:00:23]} a6
{[%clk 01:32:10]} {[%emt 00:00:08]} 5. Nc3 {[%clk 01:31:25]} {[%emt 00:00:36]}
Qc7 {[%clk 01:32:36]} {[%emt 00:00:05]} 6. Bd2 {[%clk 01:30:33]} {[%emt
00:01:22]} Nf6 {[%clk 01:32:52]} {[%emt 00:00:13]} 7. Bd3 {[%clk 01:30:30]}
{[%emt 00:00:32]} Nc6 {[%clk 01:33:15]} {[%emt 00:00:08]} 8. Nf3 {[%clk
01:30:42]} {[%emt 00:00:18]} b5 {[%clk 01:33:34]} {[%emt 00:00:11]} 9. a3
{[%clk 01:30:45]} {[%emt 00:00:26]} Bc5 {[%clk 01:33:57]} {[%emt 00:00:08]} 10.
O-O {[%clk 01:30:24]} {[%emt 00:00:50]} O-O {[%clk 01:34:15]} {[%emt 00:00:12]}
11. Re1 {[%clk 01:30:28]} {[%emt 00:00:26]} d6 {[%clk 01:34:35]} {[%emt
00:00:10]} 12. Be3 {[%clk 01:30:25]} {[%emt 00:00:32]} Bxe3 {[%clk 01:34:24]}
{[%emt 00:00:42]} 13. Rxe3 {[%clk 01:30:40]} {[%emt 00:00:15]} Ng4 {[%clk
01:34:15]} {[%emt 00:00:39]} 14. Re2 {[%clk 01:30:42]} {[%emt 00:00:28]} Nge5
{[%clk 01:34:34]} {[%emt 00:00:10]} 15. Rd2 {[%clk 01:30:07]} {[%emt 00:01:05]}
Nxf3+ {[%clk 01:34:37]} {[%emt 00:00:27]} 16. Qxf3 {[%clk 01:30:23]} {[%emt
00:00:14]} Ne5 {[%clk 01:34:59]} {[%emt 00:00:09]} 17. Qg3 {[%clk 01:30:12]}
{[%emt 00:00:39]} Qb6 {[%clk 01:35:00]} {[%emt 00:00:30]} 18. Rad1 {[%clk
01:29:40]} {[%emt 00:01:02]} Bb7 {[%clk 01:33:41]} {[%emt 00:01:50]} 19. Kh1
{[%clk 01:28:11]} {[%emt 00:01:59]} Rfd8 {[%clk 01:31:21]} {[%emt 00:02:49]}
20. f3 {[%clk 01:27:38]} {[%emt 00:01:04]} b4 {[%clk 01:29:59]} {[%emt
00:01:52]} 21. axb4 {[%clk 01:27:04]} {[%emt 00:01:03]} Qxb4 {[%clk 01:30:20]}
{[%emt 00:00:09]} 22. Be2 {[%clk 01:26:24]} {[%emt 00:01:10]} f6 {[%clk
01:29:01]} {[%emt 00:01:51]} 23. Rb1 {[%clk 01:24:49]} {[%emt 00:02:04]} Rac8
{[%clk 01:28:44]} {[%emt 00:00:47]} 24. Rdd1 {[%clk 01:23:33]} {[%emt
00:01:45]} d5 {[%clk 01:26:22]} {[%emt 00:02:53]} 25. exd5 {[%clk 01:23:18]}
{[%emt 00:00:45]} exd5 {[%clk 01:26:42]} {[%emt 00:00:10]} 26. Bd3 {[%clk
01:22:56]} {[%emt 00:00:51]} d4 {[%clk 01:26:20]} {[%emt 00:00:53]} 27. Ne2
{[%clk 01:21:21]} {[%emt 00:02:05]} Nxd3 {[%clk 01:26:37]} {[%emt 00:00:13]}
28. cxd3 {[%clk 01:19:07]} {[%emt 00:02:44]} Rc2 {[%clk 01:26:55]} {[%emt
00:00:12]} 29. Nf4 {[%clk 01:17:44]} {[%emt 00:01:53]} Kf7 {[%clk 01:23:54]}
{[%emt 00:03:31]} 30. Qe1 {[%clk 01:16:15]} {[%emt 00:01:58]} Qxe1+ {[%clk
01:23:35]} {[%emt 00:00:49]} 31. Rxe1 {[%clk 01:16:38]} {[%emt 00:00:08]} g5
{[%clk 01:22:30]} {[%emt 00:01:35]} 32. Ne2 {[%clk 01:15:19]} {[%emt 00:01:48]}
g4 {[%clk 01:22:18]} {[%emt 00:00:42]} 33. fxg4 {[%clk 01:13:12]} {[%emt
00:02:37]} Re8 {[%clk 01:22:24]} {[%emt 00:00:24]} 34. Nf4 {[%clk 01:11:27]}
{[%emt 00:02:15]} Rxe1+ {[%clk 01:21:55]} {[%emt 00:00:59]} 35. Rxe1 {[%clk
01:11:55]} {[%emt 00:00:01]} Rf2 {[%clk 01:21:55]} {[%emt 00:00:30]} 36. Ne6
{[%clk 01:11:16]} {[%emt 00:01:09]} Rxg2 {[%clk 01:21:41]} {[%emt 00:00:44]}
37. Nd8+ {[%clk 01:11:43]} {[%emt 00:00:02]} Kg6 {[%clk 01:21:35]} {[%emt
00:00:35]} 38. Nxb7 {[%clk 01:12:09]} {[%emt 00:00:04]} Rxb2 {[%clk 01:21:54]}
{[%emt 00:00:11]} 39. Nc5 {[%clk 01:12:26]} {[%emt 00:00:13]} a5 {[%clk
01:21:29]} {[%emt 00:00:55]} 40. Re4 {[%clk 01:12:37]} {[%emt 00:00:19]} Rb4
{[%clk 01:21:15]} {[%emt 00:00:44]} 41. Ne6 {[%clk 01:12:33]} {[%emt 00:00:34]}
a4 {[%clk 01:20:17]} {[%emt 00:01:29]} 42. Rxd4 {[%clk 01:12:23]} {[%emt
00:00:40]} Rb1+ {[%clk 01:20:26]} {[%emt 00:00:21]} 43. Kg2 {[%clk 01:12:49]}
{[%emt 00:00:04]} a3 {[%clk 01:20:33]} {[%emt 00:00:23]} 44. Ra4 {[%clk
01:12:53]} {[%emt 00:00:25]} Ra1 {[%clk 01:20:35]} {[%emt 00:00:29]} 45. Nd4
{[%clk 01:12:25]} {[%emt 00:00:58]} Kg5 {[%clk 01:20:30]} {[%emt 00:00:34]} 46.
h3 {[%clk 01:12:28]} {[%emt 00:00:28]} Ra2+ {[%clk 01:20:09]} {[%emt 00:00:51]}
47. Kg3 {[%clk 01:12:29]} {[%emt 00:00:29]} Ra1 {[%clk 01:19:26]} {[%emt
00:01:14]} 48. Nc2 {[%clk 01:11:46]} {[%emt 00:01:12]} Rg1+ {[%clk 01:19:31]}
{[%emt 00:00:26]} 49. Kf2 {[%clk 01:12:00]} {[%emt 00:00:14]} Rh1 {[%clk
01:19:36]} {[%emt 00:00:26]} 50. Kg2 {[%clk 01:12:21]} {[%emt 00:00:09]} Rd1
{[%clk 01:19:57]} {[%emt 00:00:08]} 51. Nb4 {[%clk 01:10:45]} {[%emt 00:02:05]}
Ra1 {[%clk 01:19:24]} {[%emt 00:01:03]} 52. d4 {[%clk 01:09:15]} {[%emt
00:02:01]} Kf4 {[%clk 01:19:01]} {[%emt 00:00:54]} 53. Kf2 {[%clk 01:09:18]}
{[%emt 00:00:25]} Ke4 {[%clk 01:18:45]} {[%emt 00:00:46]} 54. Kg3 {[%clk
01:08:31]} {[%emt 00:01:17]} f5 {[%clk 01:18:00]} {[%emt 00:01:16]} 55. gxf5
{[%clk 01:08:52]} {[%emt 00:00:08]} Kxf5 {[%clk 01:18:24]} {[%emt 00:00:06]}
56. Kh4 {[%clk 01:08:58]} {[%emt 00:00:23]} Kf4 {[%clk 01:17:20]} {[%emt
00:01:37]} 57. Nc2 {[%clk 01:08:33]} {[%emt 00:00:54]} Ra2 {[%clk 01:16:28]}
{[%emt 00:01:20]} 58. Nxa3 {[%clk 01:08:12]} {[%emt 00:00:52]} Ke4 {[%clk
01:15:46]} {[%emt 00:01:12]} 59. Ra5 {[%clk 01:08:18]} {[%emt 00:00:24]} Rd2
{[%clk 01:15:26]} {[%emt 00:00:50]} 60. d5 {[%clk 01:08:13]} {[%emt 00:00:35]}
Rd4 {[%clk 01:15:15]} {[%emt 00:00:39]} 61. Kg5 {[%clk 01:08:14]} {[%emt
00:00:32]} Ke5 {[%clk 01:13:32]} {[%emt 00:02:13]} 62. h4 {[%clk 01:05:36]}
{[%emt 00:03:08]} h6 {[%clk 01:13:38]} {[%emt 00:00:24]} 63. Kh5 {[%clk
01:05:37]} {[%emt 00:00:29]} Rb4 {[%clk 01:12:45]} {[%emt 00:01:22]} 64. Nc2
{[%clk 01:05:21]} {[%emt 00:00:46]} Re4 {[%clk 01:11:49]} {[%emt 00:01:27]} 65.
Rb5 {[%clk 01:05:14]} {[%emt 00:00:38]} Kd6 {[%clk 01:11:35]} {[%emt 00:00:44]}
66. Nb4 {[%clk 01:03:46]} {[%emt 00:01:56]} Rd4 {[%clk 01:11:35]} {[%emt
00:00:31]} 67. Nc6 {[%clk 01:02:17]} {[%emt 00:02:00]} Re4 {[%clk 01:10:09]}
{[%emt 00:01:52]} 68. Nd8 {[%clk 01:01:55]} {[%emt 00:00:56]} Ke7 {[%clk
01:09:59]} {[%emt 00:00:40]} 69. Ne6 {[%clk 01:01:53]} {[%emt 00:00:32]} Kd6
{[%clk 01:10:03]} {[%emt 00:00:23]} 70. Ng7 {[%clk 01:01:35]} {[%emt 00:00:51]}
Ke5 {[%clk 01:09:40]} {[%emt 00:00:52]} 71. Ne8 {[%clk 01:00:00]} {[%emt
00:02:04]} Kf4 {[%clk 01:09:22]} {[%emt 00:00:49]} 72. Nf6 {[%clk 00:59:58]}
{[%emt 00:00:33]} Rd4 {[%clk 01:09:17]} {[%emt 00:00:33]} 73. Ng4 {[%clk
00:59:57]} {[%emt 00:00:30]} Kg3 {[%clk 01:09:07]} {[%emt 00:00:43]} 74. Nxh6
{[%clk 00:59:36]} {[%emt 00:00:51]} Rxh4+ {[%clk 01:09:21]} {[%emt 00:00:16]}
75. Kg5 {[%clk 00:59:31]} {[%emt 00:00:35]} Rd4 {[%clk 01:09:23]} {[%emt
00:00:27]} 76. Nf5+ {[%clk 00:59:54]} {[%emt 00:00:08]} 1-0